[Event "54. Miedzynarodowy Festiwal Szachowy im. Akiby Rubinsteina<br/>OPEN A "]
[Site "Polanica-Zdroj"]
[Date "1899-12-30"]
[Round "1.29"]
[White "Sacharewicz, Krzysztof"]
[Black "Piliczewski, Bogusz"]
[Result "1/2-1/2"]
[WhiteTitle "I++"]
[BlackTitle "I+"]
[WhiteElo "1775"]
[BlackElo "2112"]

1. e4 e6 2. d4 d5 3. exd5 exd5 4. Nf3 Bd6 5. Bd3 Nc6 6. Be3 Nge7 7. c4 Bb4+ 8.
Nc3 Be6 9. Ng5 Qd7 10. Nxe6 Qxe6 11. Qb3 O-O 12. O-O Bxc3 13. Qxc3 Rad8 14. c5
Nf5 15. Bxf5 Qxf5 16. b4 a6 17. a4 Na7 18. b5 axb5 19. Qa5 Nc6 20. Qxb5 Rb8 21.
a5 Qf6 22. Rfd1 Rfe8 23. Qd3 Red8 24. Qd2 h6 25. Bf4 Rdc8 26. h3 Ra8 27. Be5 Nxe5
28. dxe5 Qxe5 29. Qxd5 Qxd5 30. Rxd5 Ra6 31. Rb1 Rxa5 32. Rxb7 c6 33. Rdd7 Rxc5
34. Rxf7 Rg5 35. h4 Rg4 36. f3 Rg6 37. h5 Rg5 38. f4 Rxh5 39. Rxg7+ Kf8 40. Rbf7+
Ke8 41. Rh7 Rd5 42. Ra7 Rf5 43. g3 c5 44. Rxh6 c4 45. Kf2 c3 46. Rh8+ Rf8 47.
Rxf8+ Kxf8 48. Ra1 c2 49. Rc1 Rc3 50. g4 Kf7 51. Ke2 Kf6 52. Kd2 Rf3 53. g5+ Kg6
54. Rxc2 1/2-1/2

[Event "54. Miedzynarodowy Festiwal Szachowy im. Akiby Rubinsteina<br/>OPEN A "]
[Site "Polanica-Zdroj"]
[Date "1899-12-30"]
[Round "1.30"]
[White "Goslawski, Michal"]
[Black "Antoniewicz, Jakub"]
[Result "1/2-1/2"]
[WhiteTitle "k"]
[BlackTitle "II+"]
[WhiteElo "2110"]
[BlackElo "1769"]

1. Nf3 f5 2. c4 Nf6 3. g3 e6 4. Bg2 d5 5. O-O Bd6 6. d3 O-O 7. Nc3 c6 8. e4 Nbd7
9. cxd5 exd5 10. exd5 cxd5 11. Ng5 Qa5 12. Bd2 Bb4 13. a3 Bxc3 14. Bxc3 Qb6 15.
Nf3 Nc5 16. Bd4 Qb5 17. b4 Ne6 18. Be5 a5 19. Qd2 Bd7 20. Rfe1 Qb6 21. Rab1 axb4
22. axb4 Bb5 23. Nh4 Ra3 24. Nxf5 Rxd3 25. Qb2 Ng4 26. Ne7+ Kh8 27. Nxd5 Rxd5
28. Bxd5 Rxf2 29. Bd4 Qxd4 30. Qxd4 Nxd4 31. h3 Ne2+ 32. Rxe2 Rxe2 33. hxg4 Bc6
34. Bxc6 bxc6 35. Rc1 Kg8 36. Rxc6 Re4 37. b5 Rxg4 38. Kf2 Rb4 39. b6 h5 1/2-1/2

[Event "54. Miedzynarodowy Festiwal Szachowy im. Akiby Rubinsteina<br/>OPEN A "]
[Site "Polanica-Zdroj"]
[Date "1899-12-30"]
[Round "1.31"]
[White "Galant, Ireneusz"]
[Black "Bielinski, Dariusz"]
[Result "0-1"]
[WhiteTitle "I"]
[BlackTitle "k+"]
[WhiteElo "1768"]
[BlackElo "2100"]

1. e4 d6 2. d4 g6 3. Be3 Bg7 4. c3 Nf6 5. f3 O-O 6. Bd3 Nc6 7. Ne2 e5 8. d5 Ne7
9. Qd2 Ne8 10. g4 f5 11. gxf5 gxf5 12. Bg5 Nf6 13. Rg1 f4 14. Na3 a6 15. O-O-O
Qe8 16. Bh6 Ng6 17. Bxg7 Kxg7 18. h4 Kh8 19. Rh1 Rg8 20. Rdg1 Bd7 21. Qe1 Ne7
22. Rg5 Qf7 23. Rhg1 h6 24. Rxg8+ Nexg8 25. Qf2 Ne7 26. Nc2 b6 27. c4 a5 28. a3
a4 29. Nb4 Nh5 30. Bc2 Qe8 31. Bd3 Qb8 32. Rg2 Qa7 33. Nc2 Qa5 34. Qg1 Qc5 35.
Qe1 Rg8 36. Rxg8+ Kxg8 37. Kb1 Ng6 38. Ka2 Kf7 39. Kb1 Bh3 40. Qh1 Bc8 41. Qe1
Ba6 42. Nc3 Bxc4 43. Nxa4 Qb5 44. Nc3 Qa6 45. Bxc4 Qxc4 46. Qd1 Ng3 47. h5 Nh4
48. a4 Ng2 49. Na3 Qc5 50. Qc2 Qg1+ 51. Ka2 Ne1 52. Qb3 Qc5 53. Qd1 Ng2 54. Qc2
Ne1 55. Qh2 Nxf3 56. Qh3 Ng5 57. Qd7+ Kf8 58. Qd8+ Kg7 59. Qe8 Nf7 60. Qe6 Nxh5
61. Qg4+ Ng5 62. Qh4 f3 63. Qg4 Qe3 64. Qd7+ Kg6 65. Qe8+ Nf7 66. Qg8+ Kf6 67.
Qg3 Ng5 68. Qg4 Qf4 69. Qxh5 f2 70. Qxh6+ Kf7 71. Qh5+ Kf6 72. Qh8+ Ke7 73. Nab5
f1=Q 74. Na7 Qc4+ 75. Ka3 Kf7 76. Nc6 Qf6 77. Qh5+ Kg7 78. Qe8 Nxe4 79. Qd7+ Qf7
80. Qg4+ Qg6 81. Qd7+ Kh6 82. Qh3+ Kg5 83. Qg2+ Kf6 84. Qf3+ Qf5 85. Qh1 Qc5+
86. Kb3 Nd2+ 87. Ka2 Qc4+ 88. Ka1 Nb3+ 0-1

[Event "54. Miedzynarodowy Festiwal Szachowy im. Akiby Rubinsteina<br/>OPEN A "]
[Site "Polanica-Zdroj"]
[Date "1899-12-30"]
[Round "1.32"]
[White "Domanski, Lukasz"]
[Black "Luberanski, Jakub"]
[Result "1-0"]
[WhiteTitle "k"]
[BlackTitle "I"]
[WhiteElo "2094"]
[BlackElo "1763"]

1. e4 c5 2. Nf3 e6 3. c3 d5 4. exd5 Qxd5 5. d4 Nf6 6. Be3 cxd4 7. cxd4 Be7 8. Nc3
Qd6 9. Bd3 Nc6 10. a3 O-O 11. Qc2 Bd7 12. O-O Rac8 13. Rad1 Qb8 14. Rfe1 Rfd8
15. Qe2 Be8 16. Bb1 a6 17. Bg5 b5 18. d5 exd5 19. Bxf6 Bxf6 20. Nxd5 Bd4 21. Nxd4
Rxd5 22. Nxc6 Bxc6 23. Rxd5 Bxd5 24. Qd3 Be6 25. Qxh7+ Kf8 26. Qh8+ Ke7 27. Qxg7
Qf4 28. g3 Qd2 29. Rxe6+ Kxe6 30. Qg4+ Ke7 31. Qxc8 Qd1+ 32. Kg2 Qd5+ 33. f3 Qd2+
34. Kh3 Qh6+ 35. Kg4 Qg7+ 36. Kf4 Qh6+ 37. Ke4 Qg6+ 38. Qf5 Qc6+ 39. Kf4 Qc1+
40. Kg4 Qxb2 41. Qc5+ Ke8 42. Be4 Qg7+ 43. Qg5 Qb2 44. Qc5 Qg7+ 45. Kf4 Qh6+ 46.
Ke5 f6+ 47. Kd5 Qd2+ 48. Kc6 Qxh2 49. Bg6+ 1-0

[Event "54. Miedzynarodowy Festiwal Szachowy im. Akiby Rubinsteina<br/>OPEN A "]
[Site "Polanica-Zdroj"]
[Date "1899-12-30"]
[Round "1.33"]
[White "Rak, Maciej"]
[Black "Bilczewski, Kacper"]
[Result "1/2-1/2"]
[WhiteTitle "I"]
[BlackTitle "k+"]
[WhiteElo "1759"]
[BlackElo "2089"]

1. e4 d6 2. d4 Nf6 3. Nc3 e5 4. dxe5 dxe5 5. Qxd8+ Kxd8 6. Bg5 Be6 7. O-O-O Nbd7
8. f4 exf4 9. Nf3 h6 10. Bxf4 Bb4 11. Nd5 Ba5 12. Nxf6 gxf6 13. Nd4 Ke7 14. Bb5
Rad8 15. a3 Ne5 16. Bxe5 fxe5 17. Nxe6 Kxe6 18. g4 f6 19. Rxd8 Rxd8 20. Rd1 Rd4
21. Bd3 a6 22. c3 Rd6 23. Bc4+ Ke7 24. Rxd6 Kxd6 25. Kd2 b5 26. Bd5 Bb6 27. h4
a5 28. b4 a4 29. h5 Bf2 30. Bf7 Bh4 31. Kc2 Bg5 32. Be8 c6 1/2-1/2

[Event "54. Miedzynarodowy Festiwal Szachowy im. Akiby Rubinsteina<br/>OPEN A "]
[Site "Polanica-Zdroj"]
[Date "1899-12-30"]
[Round "1.34"]
[White "Adamczewski, Maciej"]
[Black "Wieczorek, Mikolaj"]
[Result "1-0"]
[WhiteTitle "k"]
[BlackTitle "I"]
[WhiteElo "2061"]
[BlackElo "1757"]

1. d4 Nf6 2. Nf3 c5 3. d5 d6 4. Nc3 g6 5. g3 Bg7 6. Bg2 O-O 7. O-O a6 8. a4 e6
9. e4 exd5 10. exd5 Bg4 11. h3 Bxf3 12. Qxf3 Nbd7 13. Bf4 Qb6 14. Ra3 Nh5 15.
Rb3 Qc7 16. Ne4 Nxf4 17. Qxf4 c4 18. Rb4 Ne5 19. Qe3 Nd7 20. Qf4 Ne5 21. Qe3 Nd7
22. b3 cxb3 23. cxb3 Rfe8 24. Qf4 Ne5 25. Nf6+ Bxf6 26. Qxf6 Qe7 27. Qxe7 Rxe7
28. Rb6 Rd8 29. Rd1 g5 30. Rd4 Rc7 31. Be4 f5 32. Bg2 g4 33. Rf4 Rf7 34. hxg4
Nxg4 35. Bh3 h5 36. Bf1 h4 37. gxh4 Ne5 38. Bh3 Rg7+ 39. Kf1 Rc8 40. Rxf5 Rc1+
41. Ke2 Rc3 42. Bf1 Rc2+ 43. Kd1 Rgc7 44. Bc4 Nxc4 45. bxc4 R2xc4 46. Rxd6 Rd4+
47. Ke2 Re7+ 48. Kf3 Rxh4 49. Rg6+ Rg7 50. Rxg7+ Kxg7 51. Rf4 Rh3+ 52. Ke4 Ra3
53. Ke5 Rd3 54. d6 b5 55. axb5 axb5 56. Ke6 Rd1 57. d7 Re1+ 58. Kd5 b4 59. d8=Q
Rd1+ 60. Rd4 1-0

[Event "54. Miedzynarodowy Festiwal Szachowy im. Akiby Rubinsteina<br/>OPEN A "]
[Site "Polanica-Zdroj"]
[Date "1899-12-30"]
[Round "1.35"]
[White "Jankowski, Aleksander"]
[Black "Mazalon, Mariusz"]
[Result "1/2-1/2"]
[WhiteTitle "I"]
[BlackTitle "k"]
[WhiteElo "1728"]
[BlackElo "2055"]

1. e4 c5 2. Nc3 a6 3. a4 e6 4. f4 d5 5. d3 dxe4 6. dxe4 Qxd1+ 7. Nxd1 Nf6 8. Nc3
Nc6 9. Bd2 Nd4 10. O-O-O Bd7 11. Nf3 Bc6 12. Be3 Nxf3 13. gxf3 Be7 14. Rg1 g6
15. Bh3 O-O 16. f5 exf5 17. Bxf5 Rfd8 18. Bh3 b5 19. Rxd8+ Rxd8 20. axb5 axb5
21. Ne2 Ra8 22. Rd1 Kf8 23. Bf4 Ke8 24. Bf1 g5 25. Bg3 b4 26. Kb1 h5 27. Nc1 g4
28. fxg4 hxg4 29. e5 Ne4 30. Be2 Bg5 31. Nb3 Bd7 32. Bd3 Nxg3 33. hxg3 Be3 34.
Nd2 Bxd2 35. Rxd2 Ke7 36. Be2 Be6 37. Rd6 Rh8 38. b3 Rh5 39. Rd3 Rxe5 40. Bd1
Bf5 41. Rd2 Re1 42. Re2+ Rxe2 43. Bxe2 Kd6 44. Kc1 Ke5 45. Kd2 Kd4 46. Ba6 Be4
47. Bc8 f5 48. Bd7 Ke5 49. c3 f4 50. gxf4+ Kxf4 51. cxb4 cxb4 52. Bxg4 Kxg4 53.
Ke3 1/2-1/2

[Event "54. Miedzynarodowy Festiwal Szachowy im. Akiby Rubinsteina<br/>OPEN A "]
[Site "Polanica-Zdroj"]
[Date "1899-12-30"]
[Round "1.36"]
[White "Kies, Mariusz"]
[Black "Zak, Pawel"]
[Result "0-1"]
[WhiteTitle "k"]
[BlackTitle "I"]
[WhiteElo "2043"]
[BlackElo "1721"]

1. e4 c5 2. Nf3 Nc6 3. d3 g6 4. g3 Bg7 5. Bg2 d6 6. O-O Nf6 7. c3 O-O 8. a3 Qc7
9. b4 cxb4 10. axb4 Bd7 11. Bb2 Qc8 12. Nbd2 Bh3 13. Nb3 Bxg2 14. Kxg2 Nh5 15.
b5 Nd8 16. Qd2 Ne6 17. h3 Nc5 18. Nxc5 Qxc5 19. c4 Bxb2 20. Qxb2 e5 21. Qa3 Qc7
22. Rfb1 b6 23. Qc1 f5 24. exf5 Rxf5 25. Nh4 Qb7+ 26. f3 Rf7 27. Qe3 Raf8 28.
Rf1 Qe7 29. Qh6 Nf6 30. Rae1 Qe6 0-1

[Event "54. Miedzynarodowy Festiwal Szachowy im. Akiby Rubinsteina<br/>OPEN A "]
[Site "Polanica-Zdroj"]
[Date "1899-12-30"]
[Round "1.37"]
[White "Tsesler, Yakau"]
[Black "Betkowski, Andrzej"]
[Result "0-1"]
[WhiteTitle ""]
[BlackTitle "k"]
[WhiteElo "1709"]
[BlackElo "2041"]

1. d4 e6 2. Nf3 f5 3. e3 Nf6 4. Be2 b6 5. Nbd2 Bb7 6. b3 Bb4 7. O-O O-O 8. Bb2
Ne4 9. Nxe4 fxe4 10. Nd2 Qg5 11. Nc4 d5 12. Ne5 Bd6 13. Qd2 Bxe5 14. dxe5 Nd7
15. Qc3 c6 16. f4 exf3 17. Bxf3 c5 18. Kh1 Rf7 19. Rf2 b5 20. b4 cxb4 21. Qd4
Rc8 22. Re2 a5 23. Rd1 Nc5 24. Bg4 Qe7 25. Bh3 Ne4 26. Kg1 a4 27. Qb6 Bc6 28.
Qa6 Rc7 29. Qb6 h5 30. Rd3 Ng5 31. Qd4 Bb7 32. Qb6 Bc6 33. Qd4 Bb7 34. Rd1 Rc4
35. Qa7 Nxh3+ 36. gxh3 Qg5+ 37. Rg2 Qf5 38. Bd4 Rxc2 39. Rxc2 Qxc2 40. Qb8+ Kh7
41. Ra1 Qf2+ 42. Kh1 Qf3+ 43. Kg1 Qxh3 44. Qd8 Qg4+ 45. Kh1 Rf2 0-1

[Event "54. Miedzynarodowy Festiwal Szachowy im. Akiby Rubinsteina<br/>OPEN A "]
[Site "Polanica-Zdroj"]
[Date "1899-12-30"]
[Round "1.38"]
[White "Harazinska, Magdalena"]
[Black "Vanduyfhuys, Igor"]
[Result "1-0"]
[WhiteTitle "k"]
[BlackTitle "II+"]
[WhiteElo "2035"]
[BlackElo "1687"]

1. d4 Nf6 2. c4 g6 3. Nc3 Bg7 4. e4 d6 5. Be2 O-O 6. Bg5 c5 7. dxc5 dxc5 8. Qxd8
Rxd8 9. e5 Nfd7 10. e6 Ne5 11. exf7+ Kxf7 12. Nd5 Nbc6 13. f4 h6 14. fxe5 hxg5
15. Nf3 g4 16. Ng5+ Kg8 17. e6 Bh6 18. Nf7 Nd4 19. Nxd8 Nc2+ 20. Kf2 Nxa1 21.
Rxa1 Bg7 22. Bxg4 1-0

[Event "54. Miedzynarodowy Festiwal Szachowy im. Akiby Rubinsteina<br/>OPEN A "]
[Site "Polanica-Zdroj"]
[Date "1899-12-30"]
[Round "1.39"]
[White "Trusz, Julia"]
[Black "Kaminski, Jan"]
[Result "0-1"]
[WhiteTitle "I+"]
[BlackTitle "I++"]
[WhiteElo "1684"]
[BlackElo "2026"]

1. e4 c5 2. Nf3 g6 3. d4 cxd4 4. Nxd4 Nc6 5. Nc3 Bg7 6. Be3 Nf6 7. Be2 O-O 8. O-O
d5 9. exd5 Nb4 10. Bf3 Nfxd5 11. Nxd5 Nxd5 12. Bxd5 Qxd5 13. c3 e5 14. Nb3 Qc4
15. Qd2 Re8 16. Rad1 Bg4 17. f3 Bf5 18. Qd5 Qe2 19. Bc1 b6 20. Rf2 Qa6 21. Rfd2
h5 22. Na1 Be6 23. Qd6 Qxa2 24. Qa3 Qxa3 25. bxa3 e4 26. Bb2 exf3 27. gxf3 Rac8
28. Rd3 Bf5 0-1

[Event "54. Miedzynarodowy Festiwal Szachowy im. Akiby Rubinsteina<br/>OPEN A "]
[Site "Polanica-Zdroj"]
[Date "1899-12-30"]
[Round "1.40"]
[White "Rogacewicz, Mikolaj"]
[Black "Kejna, Piotr"]
[Result "1/2-1/2"]
[WhiteTitle "I+"]
[BlackTitle "CM"]
[WhiteElo "2009"]
[BlackElo "1655"]

1. d4 Nf6 2. c4 c5 3. d5 e6 4. Nc3 exd5 5. cxd5 d6 6. e4 g6 7. f4 Qe7 8. Nf3 Bg7
9. Bd3 O-O 10. O-O Bg4 11. Bd2 Nbd7 12. Be1 a6 13. a4 Rfe8 14. Bh4 Qd8 15. h3
Bxf3 16. Qxf3 Qb6 17. Bc4 Qb4 18. a5 Qxc4 19. b3 Qd4+ 20. Bf2 Ne5 21. fxe5 Qxe5
22. Bh4 Nxe4 23. Qxf7+ Kh8 24. Nxe4 Qxe4 25. Rae1 Qd4+ 26. Bf2 Rxe1 27. Bxd4 Bxd4+
28. Kh2 Rxf1 29. Qxf1 Kg7 30. h4 Rf8 31. Qe2 Be5+ 32. g3 Rf7 33. Kg2 Rf5 34. Qe4
Kg8 35. Qa4 Kg7 36. Qe8 Rf8 37. Qd7+ Rf7 38. Qc8 h5 39. g4 hxg4 40. Qxg4 Kh7 41.
Kh3 Rf5 42. b4 cxb4 43. Qxb4 Rf3+ 44. Kg2 Rf7 45. Qg4 Kh6 46. Kh3 Rf5 47. Qb4
Rf3+ 48. Kg2 Rf7 49. Qb3 Kg7 50. Qb6 Kh7 51. Qd8 Kg7 52. Qg5 Rf5 53. Qe7+ Rf7
54. Qd8 Rf8 55. Qd7+ Rf7 56. Qh3 Kh6 57. Qe3+ Kh7 58. Qg5 Bf4 59. Qg4 Be5 60.
h5 gxh5 61. Qxh5+ Kg8 62. Qh6 Rf6 63. Qh3 Rg6+ 64. Kf2 Rg7 65. Qc8+ Kh7 66. Kf3
Rf7+ 67. Kg4 Kh6 68. Qe6+ Rf6 69. Qe7 Rf4+ 70. Kh3 Rf3+ 71. Kg4 Rf4+ 72. Kh3 Rf3+
73. Kg4 Rf4+ 74. Kh3 Rf3+ 1/2-1/2

[Event "54. Miedzynarodowy Festiwal Szachowy im. Akiby Rubinsteina<br/>OPEN A "]
[Site "Polanica-Zdroj"]
[Date "1899-12-30"]
[Round "1.41"]
[White "Pawicka, Magdalena"]
[Black "Ochmann, Reimund"]
[Result "1/2-1/2"]
[WhiteTitle "I"]
[BlackTitle ""]
[WhiteElo "1647"]
[BlackElo "2009"]

1. e4 e5 2. Nf3 Nc6 3. Nc3 Nf6 4. d4 exd4 5. Nxd4 Bb4 6. Nxc6 bxc6 7. Bd3 O-O 8.
O-O d5 9. exd5 cxd5 10. Bg5 c6 11. Qf3 Be7 12. h3 h6 13. Bf4 Bd6 14. Ne2 c5 15.
Rad1 Rb8 16. b3 d4 17. Bxd6 Qxd6 18. Qg3 Qb6 19. Rfe1 Ba6 20. Nf4 Rfe8 21. Qf3
Rxe1+ 22. Rxe1 Qa5 23. Ra1 Bb7 24. Qg3 Re8 25. Kf1 Be4 26. Bxe4 Nxe4 27. Qd3 Qc7
28. g3 Qe5 29. Kg2 Qf5 30. Re1 g5 31. f3 gxf4 32. g4 Qg5 33. Rxe4 Re5 34. Rxe5
Qxe5 35. Qe4 Qd6 36. Kf2 a6 37. Ke2 a5 38. Kd3 Qa6+ 39. Kd2 Qd6 40. Kd3 Qa6+ 1/2-1/2

[Event "54. Miedzynarodowy Festiwal Szachowy im. Akiby Rubinsteina<br/>OPEN A "]
[Site "Polanica-Zdroj"]
[Date "1899-12-30"]
[Round "1.42"]
[White "Rosicki, Marcin"]
[Black "Skiba, Aleksandra"]
[Result "1-0"]
[WhiteTitle "I+"]
[BlackTitle "I+"]
[WhiteElo "2002"]
[BlackElo "1625"]

1. e4 c5 2. Nf3 Nc6 3. d4 cxd4 4. Nxd4 e5 5. Nb5 d6 6. N1c3 a6 7. Na3 b5 8. Nd5
Nce7 9. Bg5 h6 10. Bxb5+ axb5 11. Nxb5 Ra7 12. Ndc7+ Rxc7 13. Nxd6+ Qxd6 14. Qxd6
Rc6 15. Qd3 Ba6 16. Qd2 hxg5 17. O-O-O f6 18. Qd8+ Kf7 19. Rd6 Rxd6 20. Qxd6 Bc4
21. Qc7 Be6 22. b4 Kg6 23. b5 Nc8 24. b6 Bd6 25. Qd8 Ba3+ 26. Kb1 Nxb6 27. Qxb6
Bf7 28. Qa7 Bb4 29. Qb8 Ba3 30. Qc8 Rh4 31. Qf5+ Kh6 32. g3 Rh5 33. Qf3 Bc5 34.
a4 Ne7 35. Qc3 Bxf2 36. Qc7 Bg6 37. g4 Rh3 38. Qxe7 Bxe4 39. Rf1 Bd4 40. Qe8 Bg6
41. Qh8+ Bh7 42. Qf8 e4 43. Rd1 Be5 44. Rd7 f5 45. Rd6+ Bxd6 46. Qxd6+ Bg6 47.
gxf5 1-0

[Event "54. Miedzynarodowy Festiwal Szachowy im. Akiby Rubinsteina<br/>OPEN A "]
[Site "Polanica-Zdroj"]
[Date "1899-12-30"]
[Round "1.43"]
[White "Gospodarczyk, Wojciech"]
[Black "Banaszkiewicz, Mikolaj"]
[Result "1-0"]
[WhiteTitle "II"]
[BlackTitle "I"]
[WhiteElo "1523"]
[BlackElo "1984"]

1. Nf3 Nf6 2. d4 e6 3. c4 Bb4+ 4. Bd2 c5 5. Bxb4 cxb4 6. g3 a5 7. Bg2 d6 8. Nbd2
Qc7 9. O-O O-O 10. e3 Re8 11. Rc1 Nbd7 12. Qe2 e5 13. dxe5 dxe5 14. Rc2 Nc5 15.
Rcc1 Bf5 16. Ne1 e4 17. Nb3 Nxb3 18. axb3 Bg4 19. Qc2 Qc5 20. Bh1 Rad8 21. Ng2
Nd7 22. Nf4 f5 23. h3 g5 24. hxg4 gxf4 25. gxf4 Nf6 26. g5 Ng4 27. Qe2 Rd6 28.
Rfd1 h6 29. Rxd6 Qxd6 30. Qd1 Rd8 31. Qxd6 Rxd6 32. Rc2 hxg5 33. fxg5 Kg7 34.
Bg2 Rd1+ 35. Bf1 Kg6 36. Kg2 Ne5 37. Be2 Rd7 38. f4 exf3+ 39. Bxf3 Kxg5 40. Bd5
Nd3 41. Kg3 Kf6 42. Rh2 Ke5 43. Rh5 Kf6 44. Rh6+ Ke5 45. Re6# 1-0

[Event "54. Miedzynarodowy Festiwal Szachowy im. Akiby Rubinsteina<br/>OPEN A "]
[Site "Polanica-Zdroj"]
[Date "1899-12-30"]
[Round "2.1"]
[White "Zaleski, Lukasz"]
[Black "Shishkin, Vadim"]
[Result "1-0"]
[WhiteTitle "k"]
[BlackTitle "GM"]
[WhiteElo "2164"]
[BlackElo "2461"]

1. e4 c5 2. Nf3 Nc6 3. Bb5 g6 4. O-O Bg7 5. Re1 Nf6 6. e5 Nd5 7. Nc3 Nc7 8. Bxc6
dxc6 9. Ne4 Ne6 10. d3 b6 11. Neg5 h6 12. Nxe6 Bxe6 13. Qe2 Qd7 14. Bd2 O-O 15.
Bc3 Bd5 16. a3 Qc7 17. Qe3 c4 18. dxc4 Bxc4 19. Rad1 Rad8 20. b3 Bd5 21. Ba1 c5
22. c4 Be6 23. h3 Rd7 24. Rxd7 Qxd7 25. Re2 Qb7 26. a4 a6 27. Bc3 Rc8 28. Nd2
b5 29. Re1 bxa4 30. bxa4 Qc6 31. a5 Rd8 32. Ne4 Bxc4 33. Qxc5 Qxc5 34. Nxc5 Rd5
35. Na4 Bb5 36. Nb6 Rd8 37. Bb4 Bf8 38. Rc1 Rd4 39. Bc3 Rd8 40. Bb4 f5 41. Rc7
Kf7 42. Nc8 Ke6 43. Nxe7 Re8 44. Nc6 Bxb4 45. Nxb4 Kxe5 46. Rb7 Re6 47. g3 Rd6
48. Kg2 Kd4 49. Rc7 Re6 50. Nc2+ Kd5 51. Nb4+ Kd6 52. Rc1 Re2 53. Rd1+ Ke6 54.
Rc1 Rd2 55. Kf3 Rd4 56. Rb1 Kf7 57. Ke3 Rc4 58. Kf3 g5 59. Kg2 Rc3 60. Rd1 Ra3
61. Rd6 Rxa5 62. Rxh6 Ra1 63. Nd5 Bd3 64. Rf6+ Kg7 65. Rd6 Be4+ 66. f3 Ra2+ 67.
Kg1 Bxf3 68. Rd7+ Kg6 69. Rd6+ Kg7 70. Rd7+ Kg6 71. Rd6+ Kf7 72. Rf6+ Ke8 73.
Rxf5 Bd1 74. Nc3 Rd2 75. Rxg5 Bf3 76. Ra5 Bb7 77. Ne4 Kd8 78. Nxd2 1-0

[Event "54. Miedzynarodowy Festiwal Szachowy im. Akiby Rubinsteina<br/>OPEN A "]
[Site "Polanica-Zdroj"]
[Date "1899-12-30"]
[Round "2.2"]
[White "Stachowiak, Kamil"]
[Black "Kozak, Antoni"]
[Result "0-1"]
[WhiteTitle "IM"]
[BlackTitle "k"]
[WhiteElo "2447"]
[BlackElo "2157"]

1. c4 Nf6 2. Nf3 c5 3. g3 Nc6 4. Bg2 d5 5. cxd5 Nxd5 6. Nc3 Nc7 7. O-O e5 8. d3
Be7 9. Nd2 Bd7 10. a4 b6 11. Nc4 O-O 12. Be3 f6 13. Qb3 Kh8 14. Rfc1 Rb8 15. Qd1
Nd4 16. f4 exf4 17. Bxf4 Rc8 18. a5 Nce6 19. axb6 axb6 20. e3 Nf5 21. Nd5 Bc6
22. Nxe7 Qxe7 23. Bxc6 Rxc6 24. Qf3 Nxf4 25. Qxc6 Ne2+ 26. Kf2 Nxc1 27. Rxc1 Re8
28. Re1 Nd4 29. Qxb6 Nc2 30. Re2 Nb4 31. Rd2 Kg8 32. d4 Qe4 33. Qd6 Nd3+ 34. Ke2
Nc1+ 35. Kf2 Nd3+ 36. Kg1 Ne1 37. Re2 Nf3+ 38. Kf1 Nxd4 39. Rd2 Qh1+ 40. Kf2 Qxh2+
41. Kf1 Qh1+ 42. Kf2 Qf3+ 43. Kg1 Ra8 44. Kh2 Ra1 45. Qd8+ Kf7 46. Nd6+ Ke6 47.
Qe8+ Kxd6 48. Rg2 Ra8 49. Qf7 Qd5 50. Qxd5+ Kxd5 51. exd4 cxd4 52. Re2 d3 53.
Re7 Rd8 0-1

[Event "54. Miedzynarodowy Festiwal Szachowy im. Akiby Rubinsteina<br/>OPEN A "]
[Site "Polanica-Zdroj"]
[Date "1899-12-30"]
[Round "2.3"]
[White "Dzikowski, Michal"]
[Black "Frolov, Artur"]
[Result "0-1"]
[WhiteTitle "k"]
[BlackTitle "IM"]
[WhiteElo "2155"]
[BlackElo "2420"]

1. d4 Nf6 2. Nf3 g6 3. g3 Bg7 4. Bg2 d5 5. O-O c6 6. c4 dxc4 7. Na3 b5 8. Bf4 Nd5
9. Qd2 Nxf4 10. Qxf4 Qb6 11. Rad1 O-O 12. Ne5 f6 13. Ng4 a6 14. h4 Ra7 15. h5
g5 16. Qf3 h6 17. e4 e6 18. Nc2 c5 19. Qa3 cxd4 20. Rxd4 Rd7 21. Rxd7 Nxd7 22.
Qe7 f5 23. exf5 exf5 24. Nge3 Nf6 25. Nd5 Nxd5 26. Bxd5+ Kh8 27. Nb4 Qf6 28. Nc6
f4 29. Qxf6 Bxf6 30. gxf4 gxf4 31. Re1 Bg4 32. Ne5 Bxe5 33. Rxe5 Kg7 34. f3 Bf5
35. Bb7 Bc8 36. Be4 Rf7 37. Bg6 Rd7 38. Rc5 Rd1+ 39. Kf2 Bd7 40. Ke2 Rd6 41. Be4
Kf6 42. Ke1 Ke7 43. a4 Rd4 44. axb5 axb5 45. Rc7 Kd6 46. Ra7 Kc5 47. Ra6 Rd6 48.
Ra8 Kb4 49. Rg8 Kb3 50. Rg2 Bc6 51. Bxc6 Rxc6 52. Rg6 Rc5 53. Rxh6 Kxb2 0-1

[Event "54. Miedzynarodowy Festiwal Szachowy im. Akiby Rubinsteina<br/>OPEN A "]
[Site "Polanica-Zdroj"]
[Date "1899-12-30"]
[Round "2.4"]
[White "Manik, Mikulas"]
[Black "Klepek, Witold"]
[Result "1/2-1/2"]
[WhiteTitle "GM"]
[BlackTitle "k+"]
[WhiteElo "2408"]
[BlackElo "2139"]

1. e4 e6 2. d4 d5 3. Nc3 Nf6 4. e5 Nfd7 5. f4 c5 6. Nf3 Nc6 7. Be3 a6 8. Qd2 b5
9. dxc5 Bxc5 10. Ne2 Qb6 11. Bxc5 Nxc5 12. Ned4 Nxd4 13. Qxd4 b4 14. h4 a5 15.
h5 h6 16. O-O-O Ba6 17. g4 Rc8 18. Kb1 Bxf1 19. Rhxf1 Na4 20. Qxb6 Nxb6 21. b3
Ke7 22. Kb2 Rc3 23. Rd3 Rhc8 24. Nd4 Nd7 25. Rxc3 Rxc3 26. a3 f6 27. axb4 axb4
28. exf6+ Nxf6 29. Re1 Ne4 30. Ra1 Rg3 31. f5 Rxg4 32. Ra7+ Kf6 33. fxe6 Nd6 34.
Rd7 Ke5 1/2-1/2

[Event "54. Miedzynarodowy Festiwal Szachowy im. Akiby Rubinsteina<br/>OPEN A "]
[Site "Polanica-Zdroj"]
[Date "1899-12-30"]
[Round "2.6"]
[White "Nurkiewicz, Maciej"]
[Black "Jankowiak, Tomasz"]
[Result "1-0"]
[WhiteTitle "m"]
[BlackTitle "k"]
[WhiteElo "2371"]
[BlackElo "2117"]

1. e4 d6 2. d4 Nf6 3. Nc3 e5 4. Nf3 Nbd7 5. g4 Nxg4 6. Rg1 h5 7. h3 Nh6 8. Bg5
f6 9. Be3 g5 10. Nxg5 fxg5 11. Bxg5 Be7 12. Bc4 Bxg5 13. Qxh5+ Kf8 14. Rxg5 Nb6
15. Rg8+ Rxg8 16. Qxh6+ Ke8 17. Qh5+ Kd7 18. Qf5+ Kc6 19. Bb5# Kd5 1-0

[Event "54. Miedzynarodowy Festiwal Szachowy im. Akiby Rubinsteina<br/>OPEN A "]
[Site "Polanica-Zdroj"]
[Date "1899-12-30"]
[Round "2.7"]
[White "Mika, Tomasz"]
[Black "Lewtak, Damian"]
[Result "0-1"]
[WhiteTitle "I++"]
[BlackTitle "m"]
[WhiteElo "2120"]
[BlackElo "2369"]

1. c4 Nf6 2. Nf3 g6 3. d4 Bg7 4. Nc3 d6 5. e4 O-O 6. Be2 e5 7. Be3 Ng4 8. Bg5 f6
9. Bh4 Nc6 10. d5 Ne7 11. h3 Nh6 12. g4 Nf7 13. Qd2 c5 14. dxc6 bxc6 15. O-O-O
Be6 16. Kb1 Rb8 17. Ne1 Qb6 18. Ng2 d5 19. Na4 Qc7 20. Nc5 Bc8 21. cxd5 cxd5 22.
Rc1 Bh6 23. f4 exf4 24. g5 fxg5 25. Bf2 f3 26. Bxf3 g4 27. Be3 gxf3 28. Bxh6 fxg2
29. Ne6 gxh1=Q 30. Rxh1 Bxe6 0-1

[Event "54. Miedzynarodowy Festiwal Szachowy im. Akiby Rubinsteina<br/>OPEN A "]
[Site "Polanica-Zdroj"]
[Date "1899-12-30"]
[Round "2.10"]
[White "Nowak, Kamil"]
[Black "Adamczewski, Maciej"]
[Result "0-1"]
[WhiteTitle "m"]
[BlackTitle "k"]
[WhiteElo "2313"]
[BlackElo "2061"]

1. e4 e6 2. d4 d5 3. Nc3 Nf6 4. e5 Nfd7 5. f4 c5 6. Nf3 Nc6 7. Be3 Be7 8. Qd2 O-O
9. dxc5 Bxc5 10. O-O-O a6 11. Bxc5 Nxc5 12. Nd4 Bd7 13. Qf2 Nxd4 14. Qxd4 Rc8
15. Bd3 b5 16. Kb1 b4 17. Ne2 Qa5 18. Nc1 Ba4 19. b3 Bb5 20. g4 Bxd3 21. cxd3
Qc7 22. Rd2 a5 23. Ne2 a4 24. Rc2 axb3 25. axb3 Qa5 26. Nc1 Na6 27. Ra2 Qb5 28.
h4 Rc3 29. Rhh2 Nc5 30. Rhc2 Nxb3 31. Nxb3 Rxb3+ 32. Rab2 Rxd3 33. Qxb4 Rd1+ 34.
Rc1 Qd3+ 35. Rbc2 Rc8 36. Kb2 Rxc1 37. Rxc1 Qe2+ 38. Kb1 Ra8 39. Rc2 Qd1+ 40.
Rc1 Qd3+ 41. Kb2 Qa6 42. Kc2 Qe2+ 43. Kb3 Qa2+ 44. Kc3 Ra3+ 45. Kd4 0-1

[Event "54. Miedzynarodowy Festiwal Szachowy im. Akiby Rubinsteina<br/>OPEN A "]
[Site "Polanica-Zdroj"]
[Date "1899-12-30"]
[Round "2.14"]
[White "Kumala, Aleksander"]
[Black "Vanduyfhuys, Daria"]
[Result "0-1"]
[WhiteTitle "k"]
[BlackTitle "WCM"]
[WhiteElo "2238"]
[BlackElo "1878"]

1. d4 d5 2. Nc3 Nf6 3. Bf4 Bf5 4. f3 e6 5. g4 Bg6 6. h4 h5 7. g5 Ng8 8. e3 Bd6
9. Nh3 Ne7 10. Qd2 Nbc6 11. Bd3 Qd7 12. Nb5 Bxf4 13. Nxf4 Bxd3 14. Nxd3 b6 15.
Qc3 f6 16. gxf6 gxf6 17. Nf4 a6 18. Na3 O-O-O 19. O-O-O e5 20. dxe5 fxe5 21. Nd3
Qe6 22. Rhg1 Rhg8 23. Nb4 Nxb4 24. Qxb4 Nf5 25. Rge1 Qh6 26. Rd3 Nxe3 27. Kb1
Qf4 28. Qc3 Rg6 29. b3 d4 30. Qb4 Qxf3 31. Qe7 Qf6 32. Qb4 Rg2 33. Qa4 Kb7 34.
b4 e4 35. Rb3 b5 36. Nxb5 axb5 37. Qxb5+ Qb6 38. Qxh5 Qc6 39. c3 dxc3 40. Rc1
c2+ 41. Ka1 Rd1 0-1